000 00976nam0a2200301 4500
001 RU\NLR\bibl\45178
005 20260406165741.0
010 _a5-85366-117-5
_920000
021 _aRU
_b98-42503
_92041
035 _a(NLR Aleph) 000044063
090 _a232407
_c232407
100 _a19990827d1998 |||y0rusy50 ca
101 1 _arus
_cita
102 _aRU
105 _aa |||||||||
200 1 _aБожественная Комедия
_fА. Данте
_g[Пер. с итал. М. Лозинского]
210 _aСПб.
_cКристалл
_cРеспекс
_d1998
215 _a703 с.
_cпортр.
_d21
225 1 _aБиблиотека мировой литературы
686 _aШ6(4Ит)437-5
700 0 _4070
_8rus
_7ca
_aДанте Алигьери
_f1265-1321
_3RU\NLR\AUTH\7712289
_9122012
801 0 _aRU
_bNLR
_c19990827
_gPSBO
801 1 _aRU
_bNLR
_c19990827
852 _aNLR
_j99-3/9678
942 _cBOOK
980 _aNB